000
00321nam a22001457a 4500
008
210312b ||||| |||| 00| 0 eng d
020
_a
9781305005631
041
_a
eng
080
_a
101
082
_a
101
100
_a
24
101
_a
FIL
245
_a
Philoxophy,AText with Readings
_c
Velasquez,M
942
_2
udc
_c
BK
999
_c
56566
_d
56566